| 000 | 00474nam a2200181Ia 4500 | ||
|---|---|---|---|
| 001 | 7626 | ||
| 005 | 20260306160509.0 | ||
| 008 | 260306t2022||||xx |||||||||||||| ||spa|| | ||
| 041 | _aESP | ||
| 082 |
_a352.4 _bS71 |
||
| 100 |
_aSoto Cañedo, Carlos Alberto _eAUT |
||
| 245 | 0 |
_aEstados presupuestarios en la gestión pública: _baplicación práctica |
|
| 260 | _c2022 | ||
| 300 |
_a127 páginas : _c24 cm. |
||
| 650 | _aGEN | ||
| 654 | _aCAN | ||
| 942 |
_cLIB _dJUS _fJUS _2ddc _n |
||
| 999 |
_c7626 _d7626 |
||